Connecting municipalities to Europe
Descripción Física:
1 tríptic ; color ; 15 x 21 cm
Materias:
Barcelona (Catalunya : Província). -- Diputació -- Direcció i administració
; Municipis -- Govern i administració -- Europa
; Administració local -- Europa
Idioma:
Catalán , English
MARC
| LEADER | 00000nam a22000007a 4500 | ||
|---|---|---|---|
| 001 | 27982 | ||
| 003 | Arxiu | ||
| 005 | 20260324181518.0 | ||
| 008 | 230606b spa||||| |||| 00| 0 cat d | ||
| 017 | |a B 24106-2018 | ||
| 040 | |a agdb |b cat | ||
| 041 | |a eng | ||
| 240 | |a Connectem els municipis amb Europa |l [anglès] | ||
| 245 | |a Connecting municipalities to Europe | ||
| 260 | |a Barcelona : |b Diputació de Barcelona ; |c 2018 | ||
| 300 | |a 1 tríptic ; |b color ; |c 15 x 21 cm | ||
| 546 | |a També en català (R. 27975) | ||
| 610 | 0 | |9 53192 |a Barcelona (Catalunya : Província). |b Diputació |x Direcció i administració | |
| 650 | 0 | |9 5832 |a Municipis |x Govern i administració |z Europa | |
| 650 | 0 | |2 Arxiu |9 39237 |a Administració local |x Europa | |
| 710 | |a Barcelona (Catalunya : Província). |b Direcció de Relacions Internacionals |9 51072 | ||
| 942 | |2 udc |c ARXIU |n 1 | ||
| 952 | |0 0 |1 0 |2 udc |4 0 |6 FU7614 |7 1 |9 66460 |a Arxiu |b Arxiu |d 2023-06-06 |l 0 |o FU-76-14 |p 27982 |r 2023-06-06 00:00:00 |w 2023-06-06 |y ARXIU | ||
| 999 | |c 83793 |d 83793 | ||